000 00899nam a2200265 i 4500
001 187638
003 ES-MaACL
005 20231215105802.0
008 171213s1985 sp o |||| | spa d
020 _a84-85259-12-2
080 _a308(100)"19"
080 _a910.4(100)
080 _a860-992"19"
100 1 _aSarmiento, Carmen.
_9103824
245 1 4 _aLos marginados
_b: un programa de TVE /
_cCarmen Sarmiento.
260 _aMadrid :
_bServicio de Publicaciones del Ente Público RTVE,
_c[1985]
300 _a263 p. :
_bfot. col. ;
_c25 cm.
490 1 _aProgramas para el recuerdo
650 4 _aHistoria social-
_yS.XX.
_9138476
650 0 4 _aViajes alrededor del mundo-
_yS.XX.
_917783
830 0 _aProgramas para el recuerdo
_9225588
852 _aES-MaACL
_jA-14134
_z- Enc. guaflex
_9194724
_bR.151365
_cDEPO1
_dOlim: N-7134
942 _2udc
_cMONOGRAFIA
999 _c187638
_d187638